| 000 | 00393nam a2200157Ia 4500 | ||
|---|---|---|---|
| 020 | _a0278000193 | ||
| 040 | _cGSL | ||
| 082 | _a624 VAN 1987 | ||
| 100 | 1 | 0 | _aCraig, R. F. |
| 245 | 1 | 0 | _aSoil mechanics / |
| 250 | _a4th ed | ||
| 260 | 0 |
_aWokingham, Berkshire, England : _bVan Nostrand Reinhold (UK), _c1987 |
|
| 300 |
_aix, 410 p. : _bill. ; _c24 cm |
||
| 650 | 0 | _aSoil mechanics | |
| 942 | _cEK | ||
| 999 |
_c11293 _d11293 |
||